000 00600nam a22001817a 4500
005 20250419143411.0
008 250419b |||||||| |||| 00| 0 eng d
020 _a9788170848516
040 _aSDCL
_cSDCL
041 _2eng
_aeng
084 _aWxD7 R3.1-R3.2
100 _aParikh, Margie
_9310819
245 _aShukraniti :
_bTenets of governance and leadership from the golden age of India (2 Volumes set)
260 _aNew Delhi :
_bChaukhamba Sanskrit Pratishthan,
_c2023.
490 _aThe Chaukhamba indological studies (Vol. 20)
700 _aBuch, Vinayak
_9752484
942 _2CC
_cTEXL
_n0
999 _c1309211
_d1309211